000
00336nam a2200121Ia 4500
008
170221s9999 xx 000 0 und d
100
_a
Monir Mir
245
_a
Editorial Volume 9, Issue 3
245
_c
Monir Mir
260
_c
2014
650
_x
Business
856
_u
http://ro.uow.edu.au/cgi/viewcontent.cgi?article=1568&context=aabfj
999
_c
309484
_d
309484